• 首页
  • 本馆介绍
  • 公告通知
  • 最新文献
  • 馆藏检索
  • 电子资源
  • 读者导购
  • 参考咨询
  • 我的图书馆
  • 登录
  • 详细信息显示
  • 放入我的书架
  • 预约/预借图书
  • 作者相关作品
  • 分类相关作品
  • 丛书相关作品
  • 出版社相关作品

书目信息

  • 表格格式
  • 工作单格式
  • 卡片格式
题名:
中华人民共和国安全生产法
    
 
作者: 本社编
分册:  
出版信息: 北京   法律出版社  2008.06
页数: 146页
开本: 20cm
丛书名:
单 册:
中图分类: D922.54
科图分类:
主题词: 职业安全卫生--劳动法--中国
电子资源:
ISBN: 978-7-5036-8429-6
000 00612nam0 2200193 450
001 0835061245
005 20081218090950.39
010    @a978-7-5036-8429-6@dCNY8.00
100    @a20081217d2008 km y0chiy0120 ea
101 0  @achi
102    @aCN@b110000
200 1  @a中华人民共和国安全生产法@Azhong hua ren min gong he guo an quan sheng chan fa@e注释本@f本社编@Fben she bian
210    @a北京@c法律出版社@d2008.06
215    @a146页@d20cm
517 1  @a注释本@Azhu shi ben
606 0  @a职业安全卫生@x劳动法@y中国
690    @aD922.54@v4
801  0 @aCN@b山东省滨州职业学院图书馆@c20081218
905    @aBZT@dD922.54@e1@f5
    
    中华人民共和国安全生产法:注释本/本社编.-北京:法律出版社,2008.06
    146页;20cm
    
    
    ISBN 978-7-5036-8429-6:CNY8.00
    
●
相关链接 在五车中查询图书 在当当中查询图书 在豆瓣中查询图书


正题名:中华人民共和国安全生产法     索取号:D922.54/1         预约/预借

序号 登录号 条形码 馆藏地/架位号 状态 备注
1 0691372   2000691372   样本书库/样001架A面4层2列/ [索取号:D922.54/1] 在馆    
2 0691373   2000691373   中心书库南/013架B面4层3列/ [索取号:D922.54/1] 在馆    
3 0691374   2000691374   中心书库南/013架B面4层3列/ [索取号:D922.54/1] 在馆    
4 0691375   2000691375   中心书库南/013架B面4层3列/ [索取号:D922.54/1] 在馆    
5 0691376   2000691376   中心书库南/013架B面4层3列/ [索取号:D922.54/1] 在馆    
山东省滨州职业学院图书馆 欢迎您!
大连网信软件有限公司© 版权所有